000 00332nam a2200121Ia 4500
008 220901s9999||||xx |||||||||||||| ||und||
082 _a629.892 MEH
100 _aMehrotra, Puneet
245 0 _aJournal of advancements in robotics
250 _aVol. 7 Issue 1, 2 & 3
260 _bSTM Journals
_c2020
650 _aControl engineering
999 _c194122
_d194122